00515nam a2200145 a 450000100100000000500170001000800410002704000250006804100130009308200130010611100800011924500540019926000940025330000220034700003060820200930062415.0100316s1955 dr ac 000 0 spa d aDO-SdBNPbspacBNPHU17aspa2eng axxxbxxx2 aFeria de la Paz y Confraternidad del Mundo Libre.d(1955:cCiudad Trujillo)13aFeria de la Paz y Confraternidad del Mundo Libre. aCiudad Trujillo, República Dominicana :bPartido DominicanobEditora del Caribe,c1955. a28 p. : ;c24 cm.